Sunlight On a Broken Column/ (Record no. 25447)

MARC details
000 -LEADER
fixed length control field 00681nam a22002057a 4500
008 - FIXED-LENGTH DATA ELEMENTS--GENERAL INFORMATION
fixed length control field 090323t xxu||||| |||| 00| 0 eng d
010 ## - LCCN (DPL NO)
LC control number B-321234
020 ## - INTERNATIONAL STANDARD BOOK NUMBER
International Standard Book Number 9780140123500
Terms of availability 295-00
035 ## - SYSTEM CONTROL NUMBER
System control number B-321234, 940456
037 ## - SOURCE OF ACQUISITION
Stock number UBH
Source of stock number/acquisition RP-CL ENG-E:14/17.03.09/19.03.09/19.03.09/23.03.09
040 ## - CATALOGING SOURCE
Original cataloging agency dpl
Language of cataloging Eng
082 ## - DEWEY DECIMAL CLASSIFICATION NUMBER
Classification number N
100 ## - MAIN ENTRY--PERSONAL NAME
Personal name Hosain,Attia
245 ## - TITLE STATEMENT
Title Sunlight On a Broken Column/
Statement of responsibility, etc Attia Hosain
260 ## - PUBLICATION, DISTRIBUTION, ETC. (IMPRINT)
Place of publication, distribution, etc New Delhi
Name of publisher, distributor, etc Penguin Books
Date of publication, distribution, etc 2008
270 ## - ADDRESS
Address 11, Community Centre Pancsheel Park
City New Delhi
Postal code 110017
300 ## - PHYSICAL DESCRIPTION
Extent 319p
Dimensions 22cm(pbk)
942 ## - ADDED ENTRY ELEMENTS (KOHA)
Source of classification or shelving scheme Dewey Decimal Classification
Item type English Books
Edition 2008
Classification part N
Call number suffix HOS
Holdings
Withdrawn status Lost status Source of classification or shelving scheme Damaged status Not for loan Collection code Home library Current library Date acquired Source of acquisition Cost, normal purchase price Total Checkouts Full call number Barcode Date last seen Copy number Cost, replacement price Koha item type
    Dewey Decimal Classification     Non-fiction Central Library Central Library 23/03/2009 UBH 295.00   N HOS B-321234 23/03/2009 1 295.00 English Books
    Dewey Decimal Classification     Fiction Shahdara Branch Shahdara Branch 14/07/2018 BPPD/PUB 295.00   N HOS 940456 14/07/2018   295.00 English Books

© Delhi Public Library
Hit Counter
free hit counter